000 00604nam a22001817a 4500
999 _c57793
_d57793
005 20201207144955.0
008 201207r2015 enk||||| |||| 00| 0 eng d
020 _a 9780141979007
041 _aeng
080 _a327.2 K-43
100 _aKissinger, Henry
_99852
245 _aWorld Order :
_bReflections on the Character of Nations and the Course of History /
_cHenry Kissinger.
264 _aLondon :
_bPenguin Books Ltd,
_c2015.
300 _a 432 p.
_b20 cm.
653 _aმსოფლიო პოლიტიკა
653 _aმსოფლიო წესრიგი
942 _2udc
_cBK